الكعبة ... قبلتنا / (رقم التسجيلة. 43901)

تفاصيل مارك
000 -LEADER
fixed length control field 00655nam a22002177a 4500
005 - DATE AND TIME OF LATEST TRANSACTION
control field 20251108170556.0
008 - FIXED-LENGTH DATA ELEMENTS--GENERAL INFORMATION
fixed length control field 250721s9999 xx 000 0 ara d
082 14 - DEWEY DECIMAL CLASSIFICATION NUMBER
Classification number ط/ق/قطب
100 1# - MAIN ENTRY--PERSONAL NAME
Personal name قطب، محمد علي
245 10 - TITLE STATEMENT
Title الكعبة ... قبلتنا /
264 1# - PRODUCTION, PUBLICATION, DISTRIBUTION, MANUFACTURE, AND COPYRIGHT NOTICE
Place of production, publication, distribution, manufacture القاهرة :
Name of producer, publisher, distributor, manufacturer دار الفكر العربي،
Date of production, publication, distribution, manufacture, or copyright notice [19-].
300 ## - PHYSICAL DESCRIPTION
Extent 16ص.
490 0# - SERIES STATEMENT
Series statement أطفالنا في رحاب السنة الشريفة
Volume/sequential designation 21
650 17 - SUBJECT ADDED ENTRY--TOPICAL TERM
Topical term or geographic name as entry element الكعبة
650 17 - SUBJECT ADDED ENTRY--TOPICAL TERM
Topical term or geographic name as entry element القبلة
650 17 - SUBJECT ADDED ENTRY--TOPICAL TERM
Topical term or geographic name as entry element الصلوات
653 ## - INDEX TERM--UNCONTROLLED
Uncontrolled term ناشئون صغار(10-14)سنة
700 1# - ADDED ENTRY--PERSONAL NAME
Personal name قطب، محمد
Relator term Cart.
942 ## - ADDED ENTRY ELEMENTS (KOHA)
Source of classification or shelving scheme Dewey Decimal Classification
Koha item type كتب
المقتنيات
حالة السحب حالة الفقدان مصدر التصنيف حالة التلف غير قابل للإعارة المكتبة الرئيسية المكتبة الحالية موقع الرف تاريخ التزويد الرقم المتسلسل Total Checkouts رقم الإستدعاء تاريخ آخر ظهور تاريخ الفاتورة نوع المادة (كوها) الباركود
    Dewey Decimal Classification     مكتبة البشائر للأطفال مكتبة البشائر للأطفال الإعارة 28/07/2025 336185   ط/ق/قطب 28/07/2025 28/07/2025 كتب 336185
    Dewey Decimal Classification     مكتبة أم المؤمنين للأطفال مكتبة أم المؤمنين للأطفال الأطفال 28/07/2025 418962   ط/ق/قطب 28/07/2025 28/07/2025 كتب 418962
    Dewey Decimal Classification     مكتبة الأميرة ايمان العامة مكتبة الأميرة ايمان العامة الأطفال 24/11/2013 336183   ط/ق/قطب 28/07/2025 24/11/2013 كتب PLD00287792
    Dewey Decimal Classification     مكتبة البراءة للأطفال مكتبة البراءة للأطفال الأطفال 27/05/2015 1598736   ط/ق/قطب 28/07/2025 27/05/2015 كتب PLD00326417
    Dewey Decimal Classification     مكتبة البراعم الواعدة مكتبة البراعم الواعدة الأطفال 04/07/2015 1601233   ط/ق/قطب 28/07/2025 04/07/2015 كتب PLD00335759
    Dewey Decimal Classification Unchecked   مكتبة الجويدة مكتبة الجويدة الأطفال 06/07/2004 356198   ط/ق/قطب 28/07/2025 06/07/2004 كتب  
    Dewey Decimal Classification Unchecked   مكتبة الحسن العامة مكتبة الحسن العامة الأطفال 06/07/2004 356193   ط/ق/قطب 28/07/2025 06/07/2004 كتب  
Withdrawn   Dewey Decimal Classification     مكتبة الراية الهاشمية للأطفال مكتبة الراية الهاشمية للأطفال الأطفال 12/10/2015 1460609   ط/ق/قطب 28/07/2025 12/10/2015 كتب PLD00354931
    Dewey Decimal Classification Unchecked   مكتبة النصر العامة مكتبة النصر العامة الأطفال 06/07/2004 356194   ط/ق/قطب 28/07/2025 06/07/2004 كتب  
    Dewey Decimal Classification Unchecked   مكتبة حمزة العامة مكتبة حمزة العامة الأطفال 06/07/2004 356191   ط/ق/قطب 28/07/2025 06/07/2004 كتب  
    Dewey Decimal Classification     مكتبة صويلح العامة مكتبة صويلح العامة الأطفال 06/07/2004 356195   ط/ق/قطب 28/07/2025 06/07/2004 كتب 356195
    Dewey Decimal Classification     مكتبة وادي السير العامة مكتبة وادي السير العامة الأطفال 26/11/2015 336187   ط/ق/قطب 28/07/2025 26/11/2015 كتب PLD00367096
Implemented & Customized by: BBB with SCIT (Smart Chains for Information Technology)

Powered by Koha